John Clymer : (Record no. 165)

MARC details
000 -LEADER
fixed length control field 00889cam a2200289 i 4500
005 - DATE AND TIME OF LATEST TRANSACTION
control field 20260322212009.0
008 - FIXED-LENGTH DATA ELEMENTS--GENERAL INFORMATION
fixed length control field data
010 ## - LIBRARY OF CONGRESS CONTROL NUMBER
LC control number 75011164
020 ## - INTERNATIONAL STANDARD BOOK NUMBER
International Standard Book Number 0873581512 :
Terms of availability {dollar}40.00
020 ## - INTERNATIONAL STANDARD BOOK NUMBER
International Standard Book Number 9780873581516 :
Terms of availability {dollar}40.00
040 ## - CATALOGING SOURCE
Original cataloging agency DLC
Transcribing agency DLC
Modifying agency DLC
043 ## - GEOGRAPHIC AREA CODE
Geographic area code n-usp--
050 00 - LIBRARY OF CONGRESS CALL NUMBER
Classification number ND237.C576
Item number R43
082 00 - DEWEY DECIMAL CLASSIFICATION NUMBER
Classification number 759.13
092 ## - LOCALLY ASSIGNED DEWEY CALL NUMBER (OCLC)
Classification number 759.13 R43 1976
001 - CONTROL NUMBER
control field data
100 1# - MAIN ENTRY--PERSONAL NAME
Personal name Reed, Walt.
245 10 - TITLE STATEMENT
Title John Clymer :
Remainder of title an artist's rendezvous with the frontier West /
Statement of responsibility, etc. Walt Reed & John Clymer.
250 ## - EDITION STATEMENT
Edition statement 1st ed.
260 ## - PUBLICATION, DISTRIBUTION, ETC.
Place of publication, distribution, etc. Flagstaff :
Name of publisher, distributor, etc. Northland Press,
Date of publication, distribution, etc. c1976.
300 ## - PHYSICAL DESCRIPTION
Extent xvii, 141 p. :
Other physical details ill. (some col.) ;
Dimensions 26 x 30 cm.
600 10 - SUBJECT ADDED ENTRY--PERSONAL NAME
Personal name Clymer, John,
Dates associated with a name 1907-
651 #0 - SUBJECT ADDED ENTRY--GEOGRAPHIC NAME
Geographic name West (U.S.)
General subdivision In art.
700 1# - ADDED ENTRY--PERSONAL NAME
Personal name Clymer, John,
Dates associated with a name 1907-
906 ## - LOCAL DATA ELEMENT F, LDF (RLIN)
a 7
b cbc
c orignew
d 2
e ocip
f 19
g y-gencatlg
991 ## -
-- c-GenColl
-- ND237.C576
-- R43
-- 00013997421
-- Copy 1
-- BOOKS
Holdings
Withdrawn status Lost status Damaged status Not for loan Home library Current library Shelving location Date acquired Total checkouts Full call number Barcode Date last seen Price effective from Koha item type
        Centerville Centerville General stacks 22/03/2026   759.13 BC0010170 22/03/2026 22/03/2026 Books